00726nam a22001937a 450000500170000001000130001702000230003003500130005303700140006608200160008010000250009624501170012126000340023827000520027230000250032494200300034999900170037995201360039620120725152047.0 aG-002065 a8129107023c595.00 aG-002065 adplbgift a355.0310954 aShourie, Arun950497 aWill the Iron Fence save a Tree Hollowed by Termites:bDefence Imperatives beyond the military/cby Arun Shourie aNew DelhibRupa and co.c2005 a7/16, Ansari Road, DaryaganjbNew Delhie110002 a487p.bIndexc23 cm. 2ddccENmSHOh355.0310954 c68670d68670 001040708NFICaVPbVPd2012-07-25eGiftg595.00l2m1o355.0310954 SHOpG-002065r2014-03-15 00:00:00s2014-02-26t1v595.00yEN